| Tag |
First Indicator |
Second Indicator |
Subfields |
| LEADER |
00000cam a2200000Ki 4500 |
| 001 |
in00003553113 |
| 006 |
m o d |
| 007 |
cr cnu---unuuu |
| 008 |
140711s1986 enk ob 001 0 eng d |
| 005 |
20260422215542.3 |
| 020 |
|
|
|a 9781489933980 (electronic bk.)
|
| 020 |
|
|
|a 1489933980 (electronic bk.)
|
| 020 |
|
|
|z 9780412240805
|
| 020 |
|
|
|z 0412240807
|
| 024 |
7 |
|
|a 10.1007/978-1-4899-3398-0
|2 doi
|
| 035 |
|
|
|a (OCoLC)883391329
|
| 040 |
|
|
|a GW5XE
|b eng
|e rda
|e pn
|c GW5XE
|d UtOrBLW
|
| 049 |
|
|
|a TXAM
|
| 050 |
|
4 |
|a RC778
|
| 060 |
1 |
4 |
|a WF 500
|b M138b 1986
|
| 082 |
0 |
4 |
|a 616.2/30758
|2 22
|
| 084 |
|
|
|a XG 6111
|2 rvk
|
| 100 |
1 |
|
|a McDowell, Elizabeth M.
|
| 245 |
1 |
0 |
|a Biopsy pathology of the bronchi /
|c Elizabeth M. McDowell and Theodore F. Beals.
|
| 264 |
|
1 |
|a London :
|b Chapman and Hall,
|c 1986.
|
| 300 |
|
|
|a 1 online resource (ix, 398 pages) :
|b illustrations.
|
| 336 |
|
|
|a text
|b txt
|2 rdacontent
|
| 337 |
|
|
|a computer
|b c
|2 rdamedia
|
| 338 |
|
|
|a online resource
|b cr
|2 rdacarrier
|
| 490 |
1 |
|
|a Biopsy pathology series
|
| 504 |
|
|
|a Includes bibliographies and index.
|
| 588 |
|
|
|a Description based on print version record.
|
| 650 |
|
2 |
|a Biopsy.
|
| 650 |
|
2 |
|a Bronchi
|x pathology.
|
| 650 |
|
2 |
|a Bronchial Diseases
|x pathology.
|
| 650 |
|
0 |
|a Bronchi
|x Diseases
|x Diagnosis.
|
| 650 |
|
0 |
|a Biopsy.
|
| 650 |
0 |
7 |
|a Biopsie.
|2 swd
|
| 650 |
0 |
7 |
|a Bronchus.
|2 swd
|
| 650 |
|
7 |
|a Biopsy.
|2 fast
|0 (OCoLC)fst00832684
|
| 650 |
|
7 |
|a Bronchi
|x Diseases
|x Diagnosis.
|2 fast
|0 (OCoLC)fst00839391
|
| 655 |
|
7 |
|a Electronic books.
|2 local
|
| 700 |
1 |
|
|a Beals, Theodore F.
|
| 710 |
2 |
|
|a SpringerLink (Online service)
|
| 776 |
1 |
8 |
|i Print version:
|a McDowell, Elizabeth M.
|t Biopsy pathology of the bronchi
|z 9780412240805
|w (OCoLC)15083463
|
| 830 |
|
0 |
|a Biopsy pathology series.
|
| 856 |
4 |
0 |
|u http://proxy.library.tamu.edu/login?url=https://link.springer.com/10.1007/978-1-4899-3398-0
|z Connect to the full text of this electronic book
|t 0
|
| 994 |
|
|
|a 92
|b TXA
|
| 999 |
|
|
|a MARS
|
| 999 |
f |
f |
|s 579611f6-eb2a-3adc-92bc-3ff8ca372ca8
|i c579519f-3b37-34a9-9d4c-183efbbcd4a3
|t 0
|
| 952 |
f |
f |
|a Texas A&M University
|b College Station
|c Electronic Resources
|s www_evans
|d Available Online
|t 0
|e RC778
|h Library of Congress classification
|
| 998 |
f |
f |
|a RC778
|t 0
|l Available Online
|